Loading...
| Science - Physics | 0 | 7 | 0 | 0 | 70 | 46 | 70.29 | 3 | 5 | 0.00 | 0.00 |
| Science - Biology | 0 | 5 | 1 | 1 | 45 | 47 | 68.60 | 4 | 4 | 0.00 | 0.00 |
| Science - Other | 0 | 4 | 1 | 2 | 35 | 84 | 109.00 | 0 | 2 | 0.00 | 0.00 |
| Mythology | 0 | 3 | 0 | 0 | 30 | 35 | 72.00 | 1 | 1 | 0.00 | 0.00 |
| Science - Chemistry | 0 | 4 | 2 | 1 | 30 | 60 | 81.50 | 0 | 3 | 0.00 | 0.00 |
| Literature - British | 0 | 2 | 0 | 1 | 20 | 26 | 89.00 | 0 | 1 | 0.00 | 0.00 |
| Social Science | 0 | 1 | 0 | 0 | 10 | 75 | 75.00 | 0 | 1 | 0.00 | 0.00 |
| Fine Arts - Painting and Sculpture | 0 | 1 | 0 | 0 | 10 | 90 | 90.00 | 0 | 0 | 0.00 | 0.00 |
| Other Academic | 0 | 1 | 0 | 0 | 10 | 57 | 57.00 | 1 | 1 | 0.00 | 0.00 |
| Popular Culture | 0 | 1 | 0 | 0 | 10 | 37 | 37.00 | 0 | 1 | 0.00 | 0.00 |
| Religion | 0 | 1 | 0 | 0 | 10 | 107 | 107.00 | 0 | 1 | 0.00 | 0.00 |
| Fine Arts - Other | 0 | 1 | 0 | 0 | 10 | 92 | 92.00 | 0 | 0 | 0.00 | 0.00 |
| Literature - European | 0 | 0 | 1 | 0 | -5 | 0.00 | 0 | 0 | 0.00 | 0.00 |